| 000 | 00584nam a2200205Ia 4500 | ||
|---|---|---|---|
| 005 | 20240312105425.0 | ||
| 008 | 131103s9999 xx 000 0 und d | ||
| 040 | _aLoreto College | ||
| 041 | _aEnglish | ||
| 082 |
_a371.92 _bBAU |
||
| 245 |
_aMental Retardation, _b _cEdited by Alfred A. Baumeister |
||
| 250 | _aappraisal, education and rehabilitation | ||
| 260 |
_aLondon _bUniversity of london press _c1967 |
||
| 300 | _a419p. | ||
| 504 | _aIncludes appendix and index | ||
| 650 | _aEducation | ||
| 700 | _aBaumeister, Alfred A; ed | ||
| 850 | _aLCLIB | ||
| 942 | _cBK | ||
| 999 |
_c22900 _d73379 |
||